书目信息 |
| 题名: |
当代广告学教程
|
|
| 作者: | 何辉 著 | |
| 分册: | ||
| 出版信息: | 北京 北京广播学院出版社 2004.03 |
|
| 页数: | 345页, [1] 叶图版 | |
| 开本: | 24cm | |
| 丛书名: | 北京广播学院广告专业系列教材 | |
| 单 册: | ||
| 中图分类: | F713.80-43 | |
| 科图分类: | ||
| 主题词: | 广告学--guang gao xue--高等学校--教材 | |
| 电子资源: | ||
| ISBN: | 7-81085-287-6 | |
| 000 | 00924nam 2200253 450 | |
| 001 | 012007790484 | |
| 005 | 20070622165427.65 | |
| 010 | @a7-81085-287-6@dCNY39.00 | |
| 100 | @a20070411d2004 km y0chiy0120 ea | |
| 101 | 0 | @achi |
| 102 | @aCN@b110000 | |
| 105 | @aaf a 000yy | |
| 200 | 1 | @a当代广告学教程@Adang dai guang gao xue jiao cheng@f何辉著@Fhe hui zhu |
| 210 | @a北京@c北京广播学院出版社@d2004.03 | |
| 215 | @a345页, [1] 叶图版@c图@d24cm | |
| 225 | 2 | @a北京广播学院广告专业系列教材@Abei jing guang bo xue yuan guang gao zhuan ye xi lie jiao cai |
| 320 | @a有书目。 | |
| 330 | @a本书系统地讲述了当代广告业概况、广告学基础理论,以及广告目标的确定、广告创意策略、媒体策划等广告运作的具体内容。 | |
| 410 | 0 | @12001 @a北京广播学院广告专业系列教材 |
| 606 | 0 | @a广告学@Aguang gao xue@x高等学校@x教材 |
| 690 | @aF713.80-43@v4 | |
| 701 | 0 | @a何辉@Ahe hui@4著 |
| 801 | 0 | @aCN@c20070622 |
| 905 | @dF713.80-43@eH173 | |
| 当代广告学教程/何辉著.-北京:北京广播学院出版社,2004.03 |
| 345页, [1] 叶图版:图;24cm.-(北京广播学院广告专业系列教材) |
| ISBN 7-81085-287-6:CNY39.00 |
| 本书系统地讲述了当代广告业概况、广告学基础理论,以及广告目标的确定、广告创意策略、媒体策划等广告运作的具体内容。 |
| ● |
| 相关链接 |
|
|
|
正题名:当代广告学教程
索取号:F713.80-43/H173
 
预约/预借
| 序号 | 登录号 | 条形码 | 馆藏地/架位号 | 状态 | 备注 |
| 1 | 240664 | 202406645 | 社科库409/409社科库 44排6列5层/ [索取号:F713.80-43/H173] | 在馆 | |
| 2 | 240665 | 202406654 | 社科库409/409社科库 44排6列5层/ [索取号:F713.80-43/H173] | 在馆 | |
| 3 | 240666 | 202406663 | 社科二线422/409社科库 44排6列5层/ [索取号:F713.80-43/H173] | 在馆 |